Catalog

Record Details

Catalog Search



Long road to Cheyenne [Large Print] / Charles G. ... Read More

West, Charles.(Author).

Available copies

  • 1 of 1 copy available at LARL/NWRL Consortium.

Current holds

0 current holds with 1 total copy.

Show Only Available Copies
Location Call Number / Copy Notes Barcode Shelving Location Status Due Date
Roseau Public Library lp WES (Text) 35500005673130 Main Available -

Record details

  • ISBN: 9781628996999
  • ISBN: 1628996994
  • Physical Description: 335 pages (large print) ; 23 cm
  • Edition: Center Point Large Print edition.
  • Publisher: Thorndike, Maine : Center Point Large Print, 2015.

Content descriptions

Summary, etc.:
"Cam Sutton escorts Mary Bishop and her two young ... Read More
Subject: Widows > Fiction.
Stagecoaches > Fiction.
Robbery > Fiction.
Gold mines and mining > Fiction.
Black Hills (S.D. and Wyo.) > Fiction.
Large type books.
Genre: Western stories.
LDR 01826cam a22004338i 4500
001189920
003LARL_NWRL_CONSORTIUM
00520150908152441.0
008150627t20152013meu d 000 1 eng
010 . ‡a2015025200
019 . ‡a910537370
020 . ‡a9781628996999 ‡q(library binding : alk. paper)
020 . ‡a1628996994 ‡q(library binding : alk. paper)
035 . ‡a(OCoLC)912404073 ‡z(OCoLC)910537370
040 . ‡aDLC ‡beng ‡erda ‡cDLC ‡dOCLCO ‡dBTCTA ‡dBDX ‡dIK2 ‡dOCLCO ‡dNRG
042 . ‡apcc
043 . ‡an-us-sd ‡an-us-wy
049 . ‡aNRGE
05010. ‡aPS3623.E84 ‡bL66 2015
08200. ‡a813/.6 ‡223
1001 . ‡aWest, Charles. ‡0(LARL_NWRL_CONSORTIUM)144586
24510. ‡aLong road to Cheyenne ‡h[Large Print] / ‡cCharles G. West.
250 . ‡aCenter Point Large Print edition.
264 1. ‡aThorndike, Maine : ‡bCenter Point Large Print, ‡c2015.
300 . ‡a335 pages (large print) ; ‡c23 cm
336 . ‡atext ‡btxt ‡2rdacontent
337 . ‡aunmediated ‡bn ‡2rdamedia
338 . ‡avolume ‡bnc ‡2rdacarrier
520 . ‡a"Cam Sutton escorts Mary Bishop and her two young daughters on the long journey back to Cheyenne carrying the gold they discovered left by her murdered husband. With the threat of bandits constantly looming, and a greedy, cold-blooded killer on their trail, the road is even more treacherous than Cam anticipated"-- ‡cProvided by publisher.
650 0. ‡aWidows ‡vFiction. ‡0(LARL_NWRL_CONSORTIUM)167902
650 0. ‡aStagecoaches ‡vFiction.
650 0. ‡aRobbery ‡vFiction. ‡0(LARL_NWRL_CONSORTIUM)174703
650 0. ‡aGold mines and mining ‡vFiction. ‡0(LARL_NWRL_CONSORTIUM)165501
651 0. ‡aBlack Hills (S.D. and Wyo.) ‡vFiction.
650 0. ‡aLarge type books. ‡0(LARL_NWRL_CONSORTIUM)24284
655 7. ‡aWestern stories. ‡2gsafd
901 . ‡a189920 ‡bOCLC ‡c189920 ‡tbiblio

Additional Resources